International house finance systems compared (Record no. 9357)

MARC details
000 -LEADER
fixed length control field 01215cab a2200265 4500
001 - CONTROL NUMBER
control field WB2708-31
008 - FIXED-LENGTH DATA ELEMENTS--GENERAL INFORMATION
fixed length control field 090401t1991 xxu||||| |||| 00| 0 eng d
035 ## - SYSTEM CONTROL NUMBER
System control number (Sirsi) u14374
041 ## - LANGUAGE CODE
Language code of text/sound track or separate title eng
245 ## - TITLE STATEMENT
Title International house finance systems compared
260 ## - PUBLICATION, DISTRIBUTION, ETC.
Date of publication, distribution, etc. 1991
350 ## - PRICE (NR) (BK AM CF MU VM SE) [OBSOLETE]
Price 0
490 ## - SERIES STATEMENT
Series statement Financial Times
Volume/sequential designation 11/2/91 p4
490 ## - SERIES STATEMENT
Series statement Guardian
Volume/sequential designation 11/2/91 p12
490 ## - SERIES STATEMENT
Series statement Times
Volume/sequential designation 11/2/91 p19 (2)
520 ## - SUMMARY, ETC.
Summary, etc. A comparative study of housing finance institutions round the world published in the latest Bank of England Quarterly Bulletin shows that countries with the more liberal mortgage lending policies such as Great Britain and the United States of America have a lower level of personal savings than countries such as Germany with more tightly controlled systems. Emergence of the single market and the opening up of the mortgage securitisation market and the availability of loans on an international market will have an important on the housing finance market worldwide.
650 ## - SUBJECT ADDED ENTRY--TOPICAL TERM
Topical term or geographic name entry element FINANCIAL REGULATION
650 ## - SUBJECT ADDED ENTRY--TOPICAL TERM
Topical term or geographic name entry element HOME OWNERSHIP
650 ## - SUBJECT ADDED ENTRY--TOPICAL TERM
Topical term or geographic name entry element HOUSE PRICES
650 ## - SUBJECT ADDED ENTRY--TOPICAL TERM
Topical term or geographic name entry element MORTGAGES
650 ## - SUBJECT ADDED ENTRY--TOPICAL TERM
Topical term or geographic name entry element SECURITISATION
690 ## - LOCAL SUBJECT ADDED ENTRY--TOPICAL TERM (OCLC, RLIN)
Topical term or geographic name as entry element HOUSING-FINANCE
942 ## - ADDED ENTRY ELEMENTS (KOHA)
Suppress in OPAC 0
948 ## - LOCAL PROCESSING INFORMATION (OCLC); SERIES PART DESIGNATOR (RLIN)
c (OCLC) 04/03/1997
Holdings
Withdrawn status Lost status Source of classification or shelving scheme Damaged status Not for loan Home library Current library Shelving location Date acquired Total Checkouts Full call number Barcode Date last seen Copy number Price effective from Koha item type
    Dewey Decimal Classification     London London News article 14/09/1999   WB2708-31 14374-1001 06/08/2019 1 06/08/2019 News article